000 00802nam a2200253Ia 4500
003 OSt
005 20220918164736.0
006 a|||||r|||| 00| 0
007 ta
008 220917b |||||||| |||| 00| 0 eng d
020 _a0745323618 (pbk)
_c1416.71
024 _a234,573
037 _b2961, 25/02/2008, Bharat Scientific Syndicate
_cTextual
040 _aARTS
_cARTS
_beng
041 _2eng
_aeng
082 _aV73z7, P5
100 _aHamm Bernd Ed.
_920425
245 0 _aDevastating society
_b The neo-conservative assault on democracy and justice
260 _aLondon
_bPluto Press UK
_c2005
300 _axiii, 312p.
_ccm.
650 _aHISTORY
942 _hV73z7, P5
_cTEXL
_2CC
999 _c126298
_d126298